[Event "NOR-chT Codanserien 2017-18"]
[Site "Stavanger"]
[Date "2017.12.01"]
[Round "1"]
[White "Predojevic, Borki"]
[Black "Lie, Espen"]
[Result "1/2-1/2"]
[WhiteElo "2625"]
[BlackElo "2459"]
[Annotator "TA"]
[PlyCount "80"]
[EventDate "2017.??.??"]
[EventType "team-tourn"]
[EventCountry "NOR"]
[SourceTitle "playchess.com"]
[Source "ChessBase"]
[SourceQuality "1"]

{[%evp 26,80,45,39,63,59,57,49,50,47,95,25,59,24,30,27,82,80,80,80,80,80,73,80,96,93,96,87,83,88,89,95,90,95,147,152,164,148,158,133,128,100,103,92,105,32,20,0,0,0,0,0,0,0,0,0,0]} 1. e4 e5 2. Nf3 Nc6 3. Bb5 a6 4. Ba4 Nf6 5. O-O Be7 6. Re1 b5 7. Bb3 d6 8. a4 Bg4 9. c3 O-O 10. h3 Bxf3 11. Qxf3 Na5 12. Bc2 b4 {C90: Closed Ruy Lopez with 7...d6: Early deviations} (12... c5 13. axb5 axb5 14. d3 Qd7 15. Nd2 Nc6 16. Rb1 d5 17. exd5 Nxd5 18. Nf1 Kh8 19. Bd2 f5 20. Ra1 Rad8 21. Ra6 Rf6 22. Raa1 h6 23. Qh5 Rdf8 24. Nh2 Rd6 25. Qe2 {½-½ (25) Dominguez Perez,L (2732)-Adams,M (2742) Baku 2015}) 13. d4 c5 14. d5 {LiveBook: 4 Games} b3 {White is slightly better.} 15. Bd3 c4 16. Bf1 Nd7 17. Qg4 $146 ({Predecessor:} 17. Be3 Bg5 18. Nd2 Rc8 19. Qh5 Bxe3 20. Rxe3 {1-0 (53) Byambaa,Z (2272)-Batsaikhan,T (2068) Ulaanbaatar 2009}) 17... Kh8 18. Be3 (18. g3 $16) 18... Rc8 19. Nd2 g6 {[#] Hoping for ...f5.} 20. Bh6 f5 (20... Rg8 $11 {remains equal.}) 21. exf5 $16 Rxf5 22. Ne4 ({Not} 22. Bxc4 Nxc4 23. Nxc4 Rh5 $17) 22... Nf6 23. Nxf6 Bxf6 24. Re4 $36 {[%mdl 2048] Black is under strong pressure.} Rh5 {[#] ...Rh4 is the strong threat.} 25. Be3 Rh4 26. Qf3 Rxe4 27. Qxe4 Bg5 28. Re1 Bxe3 29. Rxe3 Qd7 (29... Qg5 $142) 30. f4 Re8 31. fxe5 dxe5 32. Be2 Kg7 33. Bg4 Qd6 34. Be6 {Black must now prevent Rf3.} Nb7 35. Rf3 ({Much weaker is} 35. Qxe5+ $6 Qxe5 36. Rxe5 Nc5 $11) ({Better is} 35. Qxc4 $16 Nc5 36. Bg4) 35... Nd8 $14 36. Qh4 {The position is equal.} Nxe6 37. Qf6+ Kh6 38. Qh4+ Kg7 39. Qf6+ Kh6 40. Qh4+ Kg7 {Precision: White = 68%, Black = 58%.} 1/2-1/2

[Event "NOR-chT Codanserien 2017-18"]
[Site "Stavanger"]
[Date "2017.12.01"]
[Round "1"]
[White "Gausel, Einar"]
[Black "Devereaux, Maxim L"]
[Result "1/2-1/2"]
[WhiteElo "2479"]
[BlackElo "2374"]
[Annotator "TA"]
[PlyCount "134"]
[EventDate "2017.??.??"]
[EventType "team-tourn"]
[EventCountry "NOR"]
[SourceTitle "playchess.com"]
[Source "ChessBase"]
[SourceQuality "1"]

{[%evp 15,134,-23,-23,-17,-23,-31,0,-51,0,7,7,12,27,12,21,15,47,47,62,0,10,0,17,7,20,-25,17,0,0,0,0,0,0,0,0,0,0,0,0,-24,98,25,52,-9,0,-77,-77,-79,-78,-78,-76,-77,-77,-83,-77,-77,-41,-64,-64,-71,-64,-63,-66,-66,-57,-89,-77,-93,-93,-94,-94,-121,-78,-100,-93,-91,-58,-58,-58,-58,-54,-54,-56,-58,-56,-64,-64,-64,-50,-53,-50,-51,-31,-36,-21,-21,-21,-21,-8,-8,-8,-16,-16,-16,-16,-26,-16,-16,-16,-16,-8,-47,-47,-47,-47,-47,-8,-8,-8,-8,-8]} 1. Nf3 d5 2. c4 d4 3. g3 Nc6 4. Bg2 e5 5. O-O Nf6 6. d3 Bd6 7. Na3 {A09: Réti Opening: 1 Nf3 d5 2 c4} (7. e3 O-O 8. exd4 exd4 9. Bg5 h6 10. Bxf6 Qxf6 11. Nbd2 Bf5 12. Qb3 Rab8 13. Nh4 Bh7 14. Ne4 Qd8 {1-0 (37) Petrosian,T (2611)-Carlsen,M (2851) chess.com INT 2016}) 7... O-O 8. Nc2 Re8 {LiveBook: 11 Games} 9. b3 {Black has an edge.} a5 10. Bb2 $146 ({Predecessor:} 10. a3 Bf8 11. Bb2 Bf5 12. Qd2 Qd7 13. Rfd1 Rad8 14. b4 Nb8 {0-1 (56) Suttles,D (2470)-Beliavsky,A (2420) Sukhumi 1972}) 10... Bc5 11. a3 ({White should try} 11. e3 $11) 11... h6 (11... Qd6 $15) 12. e3 $11 Bf5 13. exd4 exd4 14. Qd2 {White wants to play b4.} Qd6 15. Rfe1 Bh7 16. Rxe8+ Rxe8 17. Re1 ({Better is} 17. Nfe1 $1 $14) 17... Rd8 18. h3 Nd7 19. Re2 Rb8 20. Qd1 Ba7 (20... Nf8 {feels hotter.} 21. Re1 b5 22. cxb5 Rxb5 23. Nd2 Bxd3 24. Re8 Bf5) 21. b4 axb4 22. axb4 Nxb4 23. Nxb4 Qxb4 24. Nxd4 Nc5 25. Nb5 Bb6 26. Bc3 Qa4 $1 {[%cal Ra4d1]} 27. Qe1 {Threatening mate with Re8+.} Qa8 {[#]} (27... Bg6 $1 $11 28. Bf1 Rf8) 28. d4 (28. Re7 $1 $16 Nxd3 29. Qe2) 28... Nd3 29. Qd1 (29. Qa1 $14 Qxa1+ 30. Bxa1) 29... c6 30. Nd6 (30. c5 $11 {remains equal.}) 30... Qa3 $17 31. Ne4 Bxe4 32. Bxe4 Qxc3 33. Bxd3 {Black should prevent c5.} Qxd4 34. Qb1 Bc5 35. Kg2 b6 36. Re3 g6 37. Qa2 Qd7 38. Rf3 Re8 39. Qc2 Kg7 40. Qb1 Re6 41. Qa1+ Bd4 42. Qb1 Qe7 43. Qd1 {With the idea Bxg6!} Qc5 44. Qb1 Qa5 {aiming for ...Re1.} (44... h5 {seems wilder.} 45. Qd1 Qd6 46. g4 Re5 47. Rg3 Ra5) 45. Qc1 Qa1 (45... Qa7 {keeps more tension.} 46. Qf4 Bc5 47. g4 Qb7 48. Qd2 Qd7) 46. Qxa1 Bxa1 $15 {[%mdl 4096] Endgame KRB-KRB} 47. Bf1 Bd4 48. Rd3 Bc5 49. Rd7 Kf8 50. h4 Ke8 51. Rd2 Rf6 52. f4 h5 53. Be2 Ke7 54. Bf3 Rd6 55. Rxd6 Kxd6 $11 {[#] KB-KB} 56. f5 $1 {[%mdl 512]} Be3 (56... gxf5 57. Bxh5) 57. fxg6 fxg6 58. g4 hxg4 59. Bxg4 Kc5 60. Be2 Kd4 61. Kf3 Bd2 62. Kg4 Be1 63. h5 gxh5+ 64. Kxh5 Kc5 65. Kg4 b5 66. cxb5 cxb5 67. Bxb5 Kxb5 {Precision: White = 59%, Black = 35%.} 1/2-1/2

[Event "NOR-chT Codanserien 2017-18"]
[Site "Stavanger"]
[Date "2017.12.02"]
[Round "1"]
[White "Salomon, Johan"]
[Black "Galchenko, Matvey"]
[Result "1/2-1/2"]
[WhiteElo "2476"]
[BlackElo "2340"]
[Annotator "TA"]
[PlyCount "331"]
[EventDate "2017.??.??"]
[EventType "team-tourn"]
[EventCountry "NOR"]
[SourceTitle "playchess.com"]
[Source "ChessBase"]
[SourceQuality "1"]

{[%evp 26,331,20,25,16,25,41,9,30,17,12,0,45,14,41,50,45,19,16,0,-25,-33,0,-24,0,0,0,0,0,0,0,0,0,0,8,3,20,0,0,0,0,0,0,0,0,0,7,7,66,17,17,14,14,14,19,12,33,40,29,29,39,39,37,14,93,36,36,21,22,11,11,0,0,0,0,0,2,0,15,15,25,25,25,25,25,25,25,25,25,25,25,25,25,25,25,25,25,25,25,25,25,0,0,0,0,0,0,0,50,0,0,0,50,0,0,0,0,0,0,0,0,0,0,0,0,0,0,0,0,0,0,0,0,0,0,0,0,0,0,0,0,0,0,0,0,0,0,0,0,0,0,0,0,0,0,0,0,0,0,0,0,0,0,0,0,0,0,0,0,0,0,0,0,0,0,0,952,922,825,788,686,622,6203,5206,5069,2833,12822,11602,5206,3293,1095,114,277,108,12830,10085,10470,54,65,10450,5539,2181,29957,29952,29952,29949,29950,29954,29956,29958,29958,29962,29964,29953,29950,0,29954,0,12850,12851,9470,78,78,78,80,81,87,87,80,80,87,87,87,0,87,87,87,54,54,0,68,0,87,0,93,54,78,54,54,54,54,54,54,54,54,54,54,54,54,54,54,54,54,54,54,54,54,54,54,0,54,0,54,54,54,54,54,54,54,54,54,54,54,54,54,54,54,54,54,54,54,54,54,54,54,54,54,54,54,54,55,33,33,33,33,33,33,33]} 1. d4 Nf6 2. c4 e6 3. Nc3 Bb4 4. Qc2 O-O 5. Nf3 Nc6 6. Bd2 d6 7. a3 Bxc3 8. Bxc3 Qe7 9. e3 a5 10. b3 {E33: Nimzo-Indian: Classical: 4...Nc6} (10. Be2 e5 11. dxe5 dxe5 12. h3 Rd8 13. O-O e4 14. Nd4 Nxd4 15. Bxd4 c5 16. Bc3 a4 17. f4 Bd7 {1-0 (41) Wojtaszek,R (2736)-Nisipeanu,L (2683) Dortmund 2017}) 10... e5 11. d5 Nb8 12. Nd2 c6 13. dxc6 Nxc6 14. Bd3 {LiveBook: 7 Games} Be6 15. O-O h6 16. Qb2 Nd7 $146 17. Rad1 f5 18. Rfe1 Rac8 19. Bf1 Bf7 20. Rc1 Rfe8 21. Qb1 e4 22. Ba1 Nce5 23. b4 axb4 24. axb4 Qg5 25. Bd4 b6 26. Qb2 Kh7 27. Rc3 Rc7 28. Rec1 Rec8 29. R3c2 Bh5 (29... Be6 {seems wilder.} 30. Rc3 Qg6 31. h3 Nc6 32. Ra3 Nce5) 30. Bxe5 dxe5 31. Qa3 Qe7 32. Rc3 Bf7 33. Qb2 Ra8 34. Ra3 Rxa3 35. Qxa3 Be6 36. Nb1 Qd6 (36... Nf6 $11) 37. Qa4 Nf6 38. Rd1 Qc6 39. Qxc6 Rxc6 40. Na3 Bf7 41. Rd8 Rc7 42. Nb5 Rd7 43. Rxd7 Nxd7 $14 {[%mdl 4096] Endgame KBN-KBN} 44. Nd6 Kg6 {[#]} (44... Be6 $1 $11) 45. g4 (45. c5 $1 $16 {[%cal Rc5c6][%mdl 512]} bxc5 46. Bb5) 45... fxg4 46. Nxe4 Be6 47. Be2 Kf7 48. Kf1 Ke7 49. Ke1 Nf6 50. Nc3 Kd6 51. Bd3 g5 52. Kd2 h5 53. Na4 Kc7 54. c5 bxc5 $1 55. Nxc5 Bf7 56. Ne4 Nxe4+ 57. Bxe4 $11 {KB-KB} Kb6 58. Kc3 Kb5 59. Bd3+ Kb6 60. Bc4 Bg6 61. Be6 Kb5 62. Bd7+ Kb6 63. Kc4 Bf7+ 64. Kd3 Bg6+ 65. Kc3 Bf7 66. Bf5 Kb5 67. Bh7 (67. Kd3 $5 {[%cal Rd3e4]}) 67... Be8 68. Bf5 Bf7 69. Bd7+ (69. Kd3 $5 {[%cal Rd3e4]} Bd5 70. Kc3 $11) 69... Kb6 70. Ba4 Bg6 71. Bb3 Kb5 72. Be6 Be8 73. Bc4+ Kb6 74. Kb3 Bg6 75. Be2 Bf5 76. b5 Be6+ 77. Kb4 Bd7 78. Bd3 Be8 79. Bc4 Bg6 80. Be2 Be8 81. Bd3 Bd7 82. Bg6 h4 83. Kc4 Be6+ 84. Kd3 Ba2 ({Wrong is} 84... Kxb5 $2 85. Ke4 $18) 85. Be8 Bb1+ 86. Kc4 Ba2+ 87. Kb4 Be6 88. Bc6 Bf5 89. Kc4 {Kd5 is the strong threat.} Be6+ 90. Bd5 Bf5 91. Bf7 Bb1 {Strongly threatening ...Ba2+.} 92. Be8 {And now Kd5 would win.} Ba2+ 93. Kb4 Bb1 94. Bf7 Bd3 95. Be8 Bf1 96. Bd7 Be2 97. Kc3 Kc5 98. Kd2 Bf3 99. Kd3 Bd5 100. Bc6 {Threatens to win with Bxd5.} Be6 $2 {[%mdl 8192]} ({Don't go for} 100... Bxc6 $2 101. bxc6 Kxc6 102. Ke4 $18) (100... Bf3 $11) 101. Ke4 $18 Kd6 102. Ba8 g3 103. fxg3 hxg3 104. hxg3 Bh3 105. Bc6 Be6 106. Be8 Bh3 107. b6 Ke6 108. Bh5 $2 (108. Kf3 $18 {is more deadly.} Kd6 109. g4) 108... Bf5+ $16 109. Kf3 e4+ $2 {[%mdl 8192] [#]} (109... Kd6 $16) 110. Ke2 $1 $18 Kd6 111. Be8 Bc8 112. Kd2 Kc5 {[#]} 113. Kc3 $1 Kxb6 114. Kd4 Kc7 115. Ke5 Kd8 116. Bg6 Ke7 117. Bxe4 Bd7 118. Bf5 Ba4 119. Bg6 Bd7 120. Bf5 $2 (120. Bb1 {mates} Bg4 121. Bd3 Be6 122. Bf5 Bf7 123. Bg4 Bg6 124. Bf3 Bh7 125. g4) 120... Be8 $2 {[%mdl 8192]} (120... Ba4 $11 121. Bg4 Bc2) 121. Be4 (121. Bc8 $142 Bg6 122. Bb7 Bh7 123. g4 Bg6 124. Be4 Bf7 125. Kf5 Kf8 126. Kxg5) 121... Bd7 122. Bg6 Be6 123. e4 $2 (123. Bf5 $18 Bf7 124. Bg4) 123... Bd7 $16 124. Bf5 {Threatening mate with Bxd7.} Be8 125. Bg4 Bg6 126. Be2 Bh7 127. Bh5 Kd7 128. Bd1 Ke7 129. Bg4 (129. Bc2 $16) 129... Bg8 (129... Bg6 $1 $11) 130. Bf5 Bf7 131. Bh7 {aiming for Kf5.} Be6 $1 132. Bg6 Bd7 133. Bf5 {White threatens Bxd7 and mate.} Be8 $1 134. Bg4 Bg6 $1 135. Kd4 Be8 136. e5 Bc6 137. Ke3 Bd5 138. Bf5 Bc6 139. Be4 $1 {[%cal Re4c6]} Be8 140. Bd5 Bg6 141. Kd4 Bf5 142. Be4 Bd7 143. Bh7 Bc6 144. Bg8 Bg2 145. Kc5 Bh3 146. Bd5 Bd7 147. Kd4 Bf5 148. Ke3 ({White should play} 148. Ba2 $14) 148... Bh3 (148... Bg6 $11) 149. Kf3 {White is slightly better.} Bf5 150. Bc4 Bc8 151. Ke3 Bf5 152. Kd4 Bc8 153. Bd3 Bh3 154. Bh7 Bg2 155. Bf5 Bc6 156. Bg4 Ba4 157. Bc8 Bc2 158. Kc5 Bb3 159. Bf5 Bf7 160. Kd4 Bb3 161. Ke3 Bd5 162. Bc8 Bb3 163. g4 Bd5 164. Kd4 Bb3 165. Bf5 Ba2 166. Be4 {Precision: White = 64%, Black = 69%.} 1/2-1/2

[Event "NOR-chT Codanserien 2017-18"]
[Site "Stavanger"]
[Date "2017.12.01"]
[Round "1"]
[White "Christiansen, Johan-Sebastian"]
[Black "Hobber, Anders"]
[Result "1/2-1/2"]
[WhiteElo "2468"]
[BlackElo "2290"]
[Annotator "TA"]
[PlyCount "50"]
[EventDate "2017.??.??"]
[EventType "team-tourn"]
[EventCountry "NOR"]
[SourceTitle "playchess.com"]
[Source "ChessBase"]
[SourceQuality "1"]

{[%evp 17,50,0,0,0,0,-22,-51,-34,-37,-59,-49,-64,-41,-99,-64,-75,-65,-150,-163,-178,-129,-137,-108,-112,-139,-110,-77,-113,-102,-144,0,-144,0,-136,0]} 1. e4 e6 2. d4 d5 3. Nc3 dxe4 4. Nxe4 Nd7 5. Nf3 Ngf6 6. Bg5 h6 7. Nxf6+ Nxf6 8. Be3 Bd6 {C10: Französische Verteidigung (Rubinstein-Variante)} 9. Bd3 O-O {LiveBook: 23 Partien} 10. c3 b6 {[%cal Bb7b6,Bb6c5][%mdl 32] Die Stellung ist ausgeglichen.} 11. Qc2 Bb7 12. O-O-O Nd5 $146 {[%cal Bf6d5,Bd5b6,Bb6c4][%mdl 32]} ({Vorgänger:} 12... Qe7 13. Ne5 c5 14. Nc4 cxd4 15. Nxd6 dxe3 16. Nxb7 Qxb7 17. fxe3 {1-0 (38) Antipov,M (2464)-Fridman,D (2648) Legnica 2013}) 13. Bd2 c5 14. dxc5 bxc5 15. Qa4 (15. Kb1 $15) 15... Nb6 16. Qg4 {[#] Und weiter mit Lxh6 wäre nett.} f5 17. Qg6 (17. Qh5 $15) 17... Rf6 $17 18. Qh5 Bd5 19. c4 Nxc4 20. Bc3 {[#] Droht stark Lxc4.} Nb6 {Droht ...Sa4 und aus.} 21. Bc2 Rf8 22. Rhe1 Qe8 ({Keinesfalls} 22... Bxa2 23. b3 $15) 23. Qh4 Qd8 24. Qh5 Qe8 25. Qh4 $1 Qd8 {Precision: Weiß = 40%, Schwarz = 60%.} (25... Rb8 $17 26. Bb3 Qd7 27. Bxd5 exd5) 1/2-1/2

[Event "NOR-chT Codanserien 2017-18"]
[Site "Stavanger"]
[Date "2017.12.01"]
[Round "1"]
[White "Notkevich, Benjamin Arvola"]
[Black "Blomqvist, Erik"]
[Result "0-1"]
[WhiteElo "2455"]
[BlackElo "2503"]
[Annotator "TA"]
[PlyCount "132"]
[EventDate "2017.??.??"]
[EventType "team-tourn"]
[EventCountry "NOR"]
[SourceTitle "playchess.com"]
[Source "ChessBase"]
[SourceQuality "1"]

{[%evp 23,132,0,0,-10,-4,-7,-3,-38,-29,-26,-25,-27,-27,-30,-26,-50,-47,-84,-73,-72,-70,-75,-72,-79,-67,-66,-61,-71,-46,-57,-56,-81,-79,-80,-81,-91,-93,-124,-68,-95,-99,-121,-111,-122,-51,-49,-51,-102,-92,-177,-186,-237,-191,-268,-241,-245,-254,-268,-240,-244,-245,-285,-275,-262,-243,-252,-254,-312,-281,-368,-348,-389,-381,-388,-373,-374,-361,-360,-307,-342,-330,-299,-178,-557,-509,-511,-502,-633,-581,-718,-628,-747,-741,-808,-775,-1182,-1156,-1150,-606,-1121,-1144,-1182,-1168,-1029,-1011,-1670,-1610,-1554,-1447,-1731,-1573]} 1. d4 d5 2. c4 e6 3. Nc3 Nf6 4. Nf3 Be7 5. Bg5 h6 6. Bh4 O-O 7. e3 b6 8. cxd5 Nxd5 9. Bxe7 Qxe7 10. Rc1 Bb7 11. Bd3 Rc8 12. O-O c5 {LiveBook: 14 Games} 13. Ne5 {D59: Queen's Gambit Declined: Tartakower Defence: Main line (8 cxd5 Nxd5)} Nf6 14. Qa4 $146 ({Predecessor:} 14. Qe2 Nbd7 15. Nxd7 Qxd7 {½-½ (15) Uhlmann,W (2460)-Klovans,J (2530) Bad Liebenzell 1996}) 14... cxd4 15. exd4 {The position is equal.} Nc6 {[%cal Bb8c6,Bc6b4,Bb4d3][%mdl 32]} 16. Ba6 Bxa6 17. Qxa6 Nb4 ({Of course not} 17... Nxd4 $6 18. Nd5 $1 $14 {[%mdl 512]}) 18. Qa4 Nfd5 19. Ne4 f6 {White must now prevent ...Rxc1.} 20. Ng6 Qe8 21. Qxe8+ Rxe8 22. a3 Nd3 23. Rc2 Kh7 24. Nh4 $1 Red8 25. g3 Rac8 26. Rd2 $1 {[%cal Rd2d3]} Nc1 $36 {[%mdl 2048] Black has the initiative.} 27. Nf3 Nb3 {Threatens to win with ...f5.} 28. Rd3 Na5 29. Re1 Nc4 30. Re2 Rc6 ({Better is} 30... e5 $17 {aiming for ...f5.} 31. Nc3 Nxb2 $1 {[%mdl 512]} 32. Rxb2 Nxc3) 31. b4 Kg8 32. b5 Rc7 33. Nc3 {[#]} Kf7 (33... Nb2 $1 $17 {[%mdl 512]} 34. Rxb2 Nxc3) 34. Nxd5 $15 exd5 ({Reject} 34... Rxd5 35. Rc2 $14) 35. a4 (35. Rc3 $15) 35... Nd6 $17 36. Nd2 (36. Kg2 $17 {was called for.}) 36... Rc2 $19 37. Kf1 (37. Re1 $142) 37... Ra2 38. Rc3 (38. Nb1 $142 Rxa4 39. Nc3) 38... Rd7 ({Not} 38... Rxa4 39. Rc7+ Kg6 40. Ree7 $17) 39. Nf3 Rxa4 40. Rb2 Ra5 41. Rcb3 Rc7 42. Ke2 Rc1 43. Ne1 Nc4 44. Rc2 Rca1 45. Nd3 g5 46. Nc1 Nd6 47. Rc7+ Kg6 48. Rc6 Nxb5 49. Ke3 R5a3 50. Rxa3 Nxa3 {[%mdl 4096] Endgame KRN-KRN} 51. Nd3 {intending Ne5+.} Nc4+ 52. Ke2 Kf5 (52... Ra2+ $142 53. Kf3 Nd2+ 54. Kg2 Ne4) 53. h3 $2 (53. Nb4) 53... Ke4 {Hoping for ...Ra2+.Black is clearly winning.} 54. Nb4 {With the idea f3+.} Rb1 55. Nc2 Rb2 56. f3+ Kf5 57. g4+ Kg6 58. Kd3 a5 59. Ne1 b5 {[%cal Bb6b5,Bb5b4][%mdl 32]} 60. Rc5 Rd2+ 61. Kc3 b4+ 62. Kb3 Rxd4 63. Ka4 Rd2 64. f4 gxf4 {[%cal Bg5f4,Bf4f3][%mdl 32]} 65. h4 Ne5 66. Kb3 f3 {Precision: White = 39%, Black = 85%.} 0-1

[Event "NOR-chT Codanserien 2017-18"]
[Site "Stavanger"]
[Date "2017.12.01"]
[Round "1"]
[White "Haug, Johannes"]
[Black "Flermoen, Peter"]
[Result "1/2-1/2"]
[WhiteElo "2363"]
[BlackElo "2252"]
[Annotator "TA"]
[PlyCount "98"]
[EventDate "2017.??.??"]
[EventType "team-tourn"]
[EventCountry "NOR"]
[SourceTitle "playchess.com"]
[Source "ChessBase"]
[SourceQuality "1"]

{[%evp 19,98,0,8,0,10,6,45,56,81,59,89,58,117,47,55,53,54,39,34,37,39,37,63,66,64,62,60,58,100,100,102,91,94,93,97,92,93,99,107,48,41,39,47,20,21,-10,-11,-15,-18,-52,-52,-43,-45,-51,-24,-38,-20,-43,-16,-24,-39,-65,-19,-177,-179,-179,-155,-146,-51,-326,-68,-917,-68,-87,-180,-1562,-1497,-858,-30,-30,-30]} 1. d4 Nf6 2. c4 g6 3. Nc3 d5 4. cxd5 Nxd5 5. e4 Nxc3 6. bxc3 Bg7 7. Nf3 c5 8. Be3 O-O 9. Qd2 Bg4 10. Be2 {D85: Exchange Grünfeld: Unusual White 7th moves and lines with 7 Nf3} (10. d5 e6 11. Be2 exd5 12. exd5 Qa5 13. Rc1 Nd7 14. O-O Rfe8 15. h3 Bxf3 16. Bxf3 Ne5 17. Be2 c4 {0-1 (27) Stefansson,H (2602)-Vovk,Y (2617) Berlin 2015}) 10... Qa5 {LiveBook: 6 Games} 11. Rb1 Bxf3 $146 ({Predecessor:} 11... cxd4 12. cxd4 Nc6 13. Qxa5 Nxa5 14. Nd2 Bxe2 15. Kxe2 Rac8 16. Rhc1 e6 17. Kd3 Rfd8 {1-0 (37) Sretenskij,N (2407)-Podobnik,M (2272) Dos Hermanas 2003}) 12. gxf3 {The position is equal.} cxd4 13. cxd4 Qxd2+ 14. Kxd2 Rd8 15. d5 e6 (15... b6 $14) 16. Rhc1 (16. Rxb7 $16 exd5 17. Rc1) 16... b6 $1 $14 17. Bc4 {Hoping for Ke2.} Nd7 18. Ke2 exd5 $1 19. Bxd5 Rac8 20. a4 {[%cal Ba2a4,Ba4a5][%mdl 32]} (20. Rd1 {keeps more tension.} Bf6 21. Rbc1 Nc5 22. f4 Be7 23. Rc4) 20... Kf8 21. a5 Rxc1 22. Rxc1 Be5 $1 23. f4 Bb8 24. axb6 Nxb6 25. Bb3 Rc8 26. Rd1 Ke7 27. e5 f6 28. Bd4 Nd7 {[%cal Rf6e5]} 29. exf6+ (29. Bb2 $1 $16 {[%cal Rb2a3]} fxe5 30. Ba3+ Nc5 31. Rc1) 29... Nxf6 30. Kf3 Nh5 31. Re1+ (31. f5 $5 gxf5 32. Re1+ Kf8 33. Rg1 $16) 31... Kf8 $1 32. Be3 Rc3 33. Rb1 Bxf4 34. Bd5 Bxe3 35. fxe3 $15 {[%mdl 4096] Endgame KRB-KRN} Nf6 36. Bb7 h5 37. h3 a5 38. Rb5 a4 {Strongly threatening ...Rb3.} 39. Ra5 a3 40. Ra6 Kg7 (40... Nd7 {feels hotter.} 41. Bd5 g5 42. Ra7 Nc5 43. Ke2 h4) 41. Be4 $2 (41. h4 $1 $11 {and White stays safe.}) 41... Nxe4 $19 42. Kxe4 {KR-KR} Rc2 43. Kf4 a2 (43... Rf2+ $1 $17 44. Ke5 Rh2 45. Rxa3 Rxh3) 44. Kg3 $2 {[%mdl 8192] [#]} (44. Ra8 $15) 44... g5 $2 (44... h4+ $1 $19 {[%mdl 512]} 45. Kg4 (45. Kxh4 Rg2) 45... Rf2) 45. e4 $2 {[%mdl 8192] [#]} (45. h4 $15) 45... Kf7 $2 (45... h4+ $1 $19 46. Kf3 Rh2) 46. e5 $15 Ke7 47. e6 $2 (47. Kf3) 47... Re2 48. Kf3 Rxe6 $2 ({Black should play} 48... Rh2 $19 {...Rc2 is the strong threat.} 49. Ke3 Rb2) 49. Rxa2 $11 Kf6 {Precision: White = 31%, Black = 42%.} 1/2-1/2

[Event "NOR-chT Codanserien 2017-18"]
[Site "Stavanger"]
[Date "2017.12.01"]
[Round "1"]
[White "Kaasen, Tor Fredrik"]
[Black "Lahlum, Hans Olav"]
[Result "1/2-1/2"]
[WhiteElo "2342"]
[BlackElo "2113"]
[Annotator "TA"]
[PlyCount "74"]
[EventDate "2017.??.??"]
[EventType "team-tourn"]
[EventCountry "NOR"]
[SourceTitle "playchess.com"]
[Source "ChessBase"]
[SourceQuality "1"]

{[%evp 13,74,34,22,22,34,21,41,10,35,0,0,0,0,0,11,4,29,35,49,30,58,19,20,8,38,20,35,9,13,0,0,0,0,0,18,18,16,16,18,15,43,30,37,18,17,-62,-51,-49,-51,-55,-55,-66,-56,-66,-64,-64,-64,-67,-4,-4,-4,-4,-4]} 1. d4 e6 2. Nf3 d5 3. c4 c6 4. Qc2 dxc4 5. Qxc4 Nf6 6. Qc2 {D23: Queen's Gambit Accepted: 3 Nf3 Nf6 sidelines} (6. Bg5 b5 7. Qc2 Bb7 8. g3 Nbd7 9. Bg2 c5 10. dxc5 Bxc5 11. O-O Rc8 12. Qb3 a6 13. a4 b4 14. Nbd2 {1-0 (32) Lalith,B (2587)-Zhigalko,S (2671) Doha 2016}) 6... c5 7. dxc5 Qa5+ {LiveBook: 3 Games} 8. Nc3 Nc6 {[%cal Bb8c6,Bc6d4,Bd4f3][%mdl 32]} 9. Bd2 Qxc5 10. a3 $146 ({Predecessor:} 10. Rc1 Bd7 11. a3 Rc8 12. e4 Ng4 13. Bf4 e5 {0-1 (43) Kuznetsov,N (2373)-Shinkevich,V (2516) Kazan 2009}) 10... Bd7 11. b4 Nd4 12. Qd3 Nxf3+ 13. Qxf3 Qc6 14. e4 Rc8 15. Rc1 Qd6 16. Bd3 (16. Be2 {with more complications.} Be7 17. Qe3 e5 18. Qxa7 O-O 19. Qxb7 Ra8 20. Nd5) 16... Be7 17. O-O {White wants to play Nb5.} O-O 18. Rfd1 e5 {[#] Hoping for ...Bg4.} 19. h3 Qb8 20. Bg5 Be6 21. Bb5 Rfd8 22. Rxd8+ Rxd8 23. Qe2 a6 24. Bc4 Bxc4 25. Qxc4 Rc8 26. Qd3 Rd8 27. Qe2 Rc8 28. Bxf6 Bxf6 29. Qd1 ({White should try} 29. Qd2 $11) 29... Bg5 $36 {[%mdl 2048] Black is more active.} 30. Rc2 Qc7 31. g3 g6 32. Kg2 Kg7 33. Qd3 Qc4 34. Qxc4 Rxc4 35. Kf1 Bd2 ({Better is} 35... Be7 $15) 36. Rxd2 $11 {[#] And now Rd3 would win.} Rxc3 37. Rd6 $1 Rxa3 {Precision: White = 49%, Black = 47%.} 1/2-1/2

[Event "NOR-chT Codanserien 2017-18"]
[Site "Stavanger"]
[Date "2017.12.01"]
[Round "1"]
[White "Hole, Oystein"]
[Black "Tari, Aryan"]
[Result "0-1"]
[WhiteElo "2333"]
[BlackElo "2581"]
[Annotator "TA"]
[PlyCount "52"]
[EventDate "2017.??.??"]
[EventType "team-tourn"]
[EventCountry "NOR"]
[SourceTitle "playchess.com"]
[Source "ChessBase"]
[SourceQuality "1"]

{[%evp 19,52,0,0,-41,-29,-31,-41,-39,-40,-106,-111,-120,-126,-116,-112,-193,-180,-196,-181,-176,-191,-181,-147,-153,-143,-575,-559,-566,-571,-564,-574,-568,-567,-551,-561]} 1. Nf3 d5 2. d4 Nf6 3. c4 e6 4. Nc3 Bb4 5. cxd5 exd5 6. Bg5 h6 7. Bxf6 Qxf6 8. a3 Bxc3+ 9. bxc3 O-O 10. e3 c5 {LiveBook: 11 Partien} 11. c4 {D38: Damengambit (Ragosin-Verteidigung)} (11. Be2 Be6 12. Ne5 Rc8 13. O-O Nc6 14. f4 cxd4 15. cxd4 Ne7 16. Qb3 b6 17. Ba6 Rd8 18. Rac1 Bc8 {½-½ (75) Pascua,H (2423)-Zhang,Z (2614) Ho Chi Minh City 2015}) 11... dxc4 12. Bxc4 Nc6 $146 {[%cal Bb8c6,Bc6e5,Be5f3,Bf3d2][%mdl 32]} ({Vorgänger:} 12... Bg4 13. Be2 Nc6 14. O-O cxd4 15. Nxd4 {½-½ (15) Wittkugel,F (1890)-Kotzem,E (1915) Schloss Schney 1999}) 13. dxc5 {Schwarz steht etwas besser.} Bg4 14. O-O (14. Be2 $1 $15) 14... Rad8 $17 15. Qc2 Bxf3 16. gxf3 Ne5 $1 {[%cal Re5f3]} 17. f4 (17. Be2 $17 Nxf3+ 18. Bxf3 Qxf3 19. Rfd1) 17... Nf3+ $19 {[%mdl 1024] Schwarz hat starke Kompensation.} 18. Kg2 {[#]} Qc6 $1 19. e4 {[#]} Nd2 $1 {[%cal Rd2e4]} ({Viel schwächer ist} 19... Rd2 20. Qc3 $17) 20. Rfe1 Qg6+ 21. Kh1 Nf3 $40 {[%mdl 128] Schwarz riecht Blut.} 22. Be2 $2 {[%mdl 8192]} (22. Rg1 $17 {war die entscheidende Verteidigung.} Qf6 23. Bd5) 22... Rd2 {( -> ...Dh5). Schwarz steht klar auf Gewinn.} 23. Qc3 Nxe1 24. Rxe1 Qxe4+ 25. f3 Qxf4 {zielt auf ...Te8 ab.} 26. Rg1 {[%csl Gg1][%cal Rc3g7]} Qd4 {Precision: Weiß = 31%, Schwarz = 100%.} 0-1